Culture Générale - Série 877 - Statistiques

Statistiques générales
  • Ce quiz a été pris 133 fois
  • Le résultat moyen est 7 sur 10
Statistiques - réponses
Question Réponse % Correct
Dans quelle ville se situe le "Mur des lamentations" ? Jérusalem
97%
Quel lieu aménagé sur le littoral maritime peut être "franc", "autonome", "de pêche" ou "de plaisance" ? port
97%
Quelle animatrice, prénommée Christine, porte un nom synonyme "d'applaudissement" ? Christine Bravo
91%
Complétez le titre de ce film avec Audrey Tautou, sorti en 2004 : "Un long dimanche de... fiançailles
90%
A quel objet, apprécié des fumeurs, le musée de Saint-Claude est-il consacré ? pipe
90%
Quelle ville a pour port Le Pirée ? Athènes
86%
Les parents de Laura Smet sont Johnny Hallyday et... Nathalie Baye
63%
A quelle race de cheval la région du Perche a-t-elle laissé son nom ? percheron
63%
Complétez cet extrait d'un sketch de Coluche : "Plus on est de fous, moins il y de... riz
40%
Quel boxeur américain, invaincu de 1937 à 1949, était surnommé le “Bombardier noir” ? Joe Louis
9%
Aucun quiz correspondant
Distribution des résultats
% des personnes avec chaque résultat
Percentile par nombre de réponses
Votre historique - résultats
Vous n’avez pas pris ce quiz